COMPARE GROWTH AND YIELD PERFORMANCE CARROT VARIETIES ON PLANT IN SANDY LOAM,ការប្រៀបធៀបការលូតលាស់ និងទិន្នផលពូជការ៉ុតផ្សេងៗគ្នាក្នុងលក្ខខណ្ឌដីល្បាយខ្សាច់ (Record no. 21844)

000 -LEADER
fixed length control field 00694nam a22001337a 4500
040 ## - CATALOGING SOURCE
Transcribing agency RUA
082 ## - DEWEY DECIMAL CLASSIFICATION NUMBER
Classification number AGR PEC 2020 B1-546 Or.
100 ## - MAIN ENTRY--AUTHOR NAME
Personal name PECH PHANNA,ពេជ្រ ផាន់ណា
245 ## - TITLE STATEMENT
Title COMPARE GROWTH AND YIELD PERFORMANCE CARROT VARIETIES ON PLANT IN SANDY LOAM,ការប្រៀបធៀបការលូតលាស់ និងទិន្នផលពូជការ៉ុតផ្សេងៗគ្នាក្នុងលក្ខខណ្ឌដីល្បាយខ្សាច់
260 ## - PUBLICATION, DISTRIBUTION, ETC. (IMPRINT)
Place of publication phnom penh
Name of publisher rua
Year of publication 2020
300 ## - PHYSICAL DESCRIPTION
Number of Pages x.25p.
Other physical details ill.
Dimensions 29cm.
856 ## - ELECTRONIC LOCATION AND ACCESS
Uniform Resource Identifier https://drive.google.com/file/d/1-lu4gjAKTSgbQUP-WB1pgHjII6O_u2Nq/view?usp=sharing
942 ## - ADDED ENTRY ELEMENTS (KOHA)
Koha item type AGR
952 ## - LOCATION AND ITEM INFORMATION (KOHA)
Withdrawn status [LOCAL, KOHA] 0
952 ## - LOCATION AND ITEM INFORMATION (KOHA)
Withdrawn status [LOCAL, KOHA] 0
952 ## - LOCATION AND ITEM INFORMATION (KOHA)
Withdrawn status [LOCAL, KOHA] 0
952 ## - LOCATION AND ITEM INFORMATION (KOHA)
Withdrawn status [LOCAL, KOHA] 0
952 ## - LOCATION AND ITEM INFORMATION (KOHA)
Withdrawn status [LOCAL, KOHA] 0
952 ## - LOCATION AND ITEM INFORMATION (KOHA)
Withdrawn status [LOCAL, KOHA] 0
Holdings
Permanent Location Date acquired Koha item type Lost status Shelving location Barcode Current Location Full call number
Library Block B2023-09-08AGR B1.546a073951Library Block BAGR PEC 2020 B1-546 Or.
Library Block B2023-09-08AGR B1.546a073955Library Block BAGR PEC 2020 B1-546 Or.
Library Block B2023-09-08AGR B1.546a074027Library Block BAGR PEC 2020 B1-546 Or.
Library Block B2023-09-08AGR B1.546a073963Library Block BAGR PEC 2020 B1-546 Or.
Library Block B2023-09-08AGR B1.546a074616Library Block BAGR PEC 2020 B1-546 Or.
Library Block B2023-09-08AGR B1.546a074031Library Block BAGR PEC 2020 B1-546 Or.
មជ្ឈមណ្ឌលឯការនៃសាកលវិទ្យាល័យភូមិន្ទកសិកម្មចំការដូង

Powered by Koha